2ud Asia-Pacific : Fiorum on Engineering and Technology Education. The University of Sydney. Sydney, Australia 4-7 July 1999. Forum Proceedings

Enregistré dans:
Détails bibliographiques
Format: Livre
Langue:anglais
Publié: Melbourne : UICEE, 1999
Sujets:
Tags: Ajouter un tag
Pas de tags, Soyez le premier à ajouter un tag!

MARC

LEADER 00000nam a22000003a 4500
001 stu51249
005 20150408180035.6
008 991208s1999----at------------------eng-d
020 |a 0-7326-17847 
040 |a STU  |b slo 
041 0 |a eng 
044 |a at 
080 |a 37:62(082)  |7 A000000391 
245 |a 2ud Asia-Pacific :  |b Fiorum on Engineering and Technology Education. The University of Sydney. Sydney, Australia 4-7 July 1999. Forum Proceedings 
260 |a Melbourne :  |b UICEE,  |c 1999 
300 |a 382 s 
650 7 |a vzdelávanie technické  |2 stusub 
650 7 |a technika-vzdelávanie  |2 estusub 
996 |b MZ 1476  |c M*Z-1476  |l MMKN  |s A  |a 24  |w stu51249_0001